Informe sobre un viaje de reconocimiento geológico en la parte nordeste del Territorio del Chubut, (Record no. 26137)
[ view plain ]
| 000 -LEADER | |
|---|---|
| fixed length control field | 01145cam a22002531 4500 |
| 001 - CONTROL NUMBER | |
| control field | gs 21000443 |
| 003 - CONTROL NUMBER IDENTIFIER | |
| control field | DLC |
| 005 - DATE AND TIME OF LATEST TRANSACTION | |
| control field | 20260227111326.0 |
| 008 - FIXED-LENGTH DATA ELEMENTS--GENERAL INFORMATION | |
| fixed length control field | 891016s1921 ag abf b 000 0 spa |
| 010 ## - LIBRARY OF CONGRESS CONTROL NUMBER | |
| LC control number | gs 21000443 |
| 035 ## - SYSTEM CONTROL NUMBER | |
| System control number | (OCoLC)20495963 |
| 040 ## - CATALOGING SOURCE | |
| Original cataloging agency | DLC |
| Transcribing agency | CU |
| Modifying agency | CU |
| -- | DLC |
| 042 ## - AUTHENTICATION CODE | |
| Authentication code | premarc |
| 050 00 - LIBRARY OF CONGRESS CALL NUMBER | |
| Classification number | QE231 |
| Item number | .A28 no. 24 |
| 100 1# - MAIN ENTRY--PERSONAL NAME | |
| Personal name | Windhausen, Anselmo, |
| Dates associated with a name | 1882- |
| 245 00 - TITLE STATEMENT | |
| Title | Informe sobre un viaje de reconocimiento geológico en la parte nordeste del Territorio del Chubut, |
| Remainder of title | con referencia especial a la cuestión de la provisión de agua de Puerto Madryn, |
| Statement of responsibility, etc. | por el Dr. Anselmo Windhausen. Con un estudio petrográfico de algunas rocas, por el dr. Robert Beder. |
| 260 ## - PUBLICATION, DISTRIBUTION, ETC. | |
| Place of publication, distribution, etc. | Buenos Aires, |
| Name of publisher, distributor, etc. | Talleres gráficos del Ministerio de agricultura de la nación, |
| Date of publication, distribution, etc. | 1921. |
| 300 ## - PHYSICAL DESCRIPTION | |
| Extent | 1 p. l., 72 p. |
| Other physical details | V pl. (incl. 2 fold. maps, fold. profile) maps, profiles, diagrs. |
| Dimensions | 27 cm. |
| 410 10 - SERIES STATEMENT/ADDED ENTRY--CORPORATE NAME [OBSOLETE, CAN/MARC], [LOCAL, USA] | |
| Corporate name or jurisdiction name as entry element | Argentina. |
| Subordinate unit | Dirección General de Minas y Geología. |
| Title of a work | Boletin |
| Volume number/sequential designation | no. 24. Ser. B (Geologia) |
| 504 ## - BIBLIOGRAPHY, ETC. NOTE | |
| Bibliography, etc. note | "Bibliografia": p. 51-53. |
| 650 #0 - SUBJECT ADDED ENTRY--TOPICAL TERM | |
| Topical term or geographic name entry element | Geology |
| Geographic subdivision | Argentina. |
| 650 #0 - SUBJECT ADDED ENTRY--TOPICAL TERM | |
| Topical term or geographic name entry element | Petroleum |
| Geographic subdivision | Argentina. |
| 700 1# - ADDED ENTRY--PERSONAL NAME | |
| Personal name | Beder, Robert, |
| Dates associated with a name | 1885- |
No items available.